| 000 | 00528nam a2200193 a 4500 | ||
|---|---|---|---|
| 001 | 0014 | ||
| 005 | 20140414131927.0 | ||
| 008 | 040726s19uu xx 00 eng d | ||
| 020 | _a0-7853-1138-6 | ||
| 050 |
_aER _bP44 1991 |
||
| 245 |
_aPeter rabbit / : _cillustrations by Anita Nelson. _bmy little book about / |
||
| 260 |
_a[S.L.] : _bNew Seasons, _c1991. |
||
| 300 | _ap. ; cm. | ||
| 440 | _aMy Little Book About | ||
| 650 |
_aRabbits _xFiction. |
||
| 650 | _aChildren stories. | ||
| 999 |
_c112077 _d112077 |
||